000 00184nam a2200073Ia 4500
008 170817s9999 xx 000 0 und d
100 _aSHARMA S.R.
245 0 _aESIENTIALS OF TEACHING & LEARNING
260 _bANMOL PUB.
999 _c37883
_d37883